000 00777nam0a22002411 4500
001 rc\693638
005 20031121170308.5
035 _a(NLR Aleph) 005930142
090 _a6569524
_c6569524
100 _a20031121d1985 u |0rusy50 ca
101 0 _arus
102 _aRU
105 _aa |||||||||
200 1 _aЭлектрорадиоизмерения
_e[Учеб. пособие для вузов по спец. "Радиотехника"]
210 _aМ.
_cРадио и связь
_d1985
215 _a368 с.
_cил.
_d22
320 _aБиблиогр.: с. 364-365 (38 назв.)
700 1 _aКукуш
_bВ. Д.
_gВиталий Дмитриевич
801 0 _aRU
_bNLR
_gpsbo
801 1 _aRU
_bELAR
_2rusmarc
852 _aNLR
_j86-5/3090
942 _cBOOK
980 _aNB